000 00259nam a2200109Ia 4500
008 231212s1967 xx 000 0 und d
041 _aeng
082 _a621.3811
100 _aKvo B.C.
245 _aAutomatic Control Systems
260 _aDelhi
_bPrintic
_c1967
999 _c958945
_d958945